000 00618nam a2200193Ia 4500
005 20250508153253.0
008 008 250505s9999 xx 000 0 eng d
037 _aTextual
040 _aFEDL
_beng
_cFEDL
041 _aeng
_2eng
084 _a301.15, MUK
_qFEDL
100 _aMukerji Nirod
_9134355
245 0 _aStanding at the cross - roads: An analytical approach to the basic problems of psychosocial integration
260 _aBombay, India
_bAllied Publishers Private Limited
_c1964
300 _avi,204p
650 _aSociology
942 _cTEXL
_h301.15, MUK
999 _c1341652
_d1341652